| 000 | 00499nam a2200157 a 4500 | ||
|---|---|---|---|
| 001 | 3250 | ||
| 003 | CDMR | ||
| 005 | 20130522140043.0 | ||
| 008 | 130130s1989||||||||||||||||||||||||||||d | ||
| 040 |
_aCDMR _bcat _cCDMR |
||
| 111 | 2 |
_aColoquios de Alcor _cMadrid _d1989 _n8º _9312 |
|
| 245 | 1 | 0 |
_aProgreso humano y medios de comunicación _b: la Europa de 1992 |
| 260 |
_aMadrid _c1989 _bUniversidad Complutense |
||
| 650 | 0 | 4 |
_91607 _aMitjans de comunicació de massa _xAspectes socials _zEuropa |
| 942 |
_cMON _2udc |
||
| 999 |
_c3250 _d3250 |
||